| 000 | 01186cam a2200289 a 4500 | ||
|---|---|---|---|
| 003 | OSt | ||
| 005 | 20200923113400.0 | ||
| 008 | 130910s2012 ck r 000 0 spa d | ||
| 020 | _a9789589348567 | ||
| 040 |
_aCO-BoPUJ _cCO-JMCR |
||
| 041 | 0 | _aspa | |
| 082 | 0 | 4 |
_a341.481 / _bA561d _223 |
| 100 | 1 |
_aAndreu-Guzmán, Federico, _eautor _910708 |
|
| 245 | 1 | 0 |
_aDerecho a la verdad y derecho internacional _cFederico Andreu-Guzmán |
| 250 | _aPrimera edición | ||
| 260 |
_aBogotá : _bComisión Colombiana de Juristas, _c2012. |
||
| 300 |
_a127 páginas ; _c23 cm. |
||
| 500 | _aNotas a pie de páginas. | ||
| 505 | 0 | _aDesarrollo histórico y jurídico del derecho a la verdad. -- Codificación del derecho a la verdad. -- Constataciones y conclusiones, -- Selección de normas y estándares internacionales. | |
| 650 | 1 | 4 |
_aDerecho internacional humanitario _93185 |
| 650 | 2 | 4 |
_aDerecho a la verdad _910709 |
| 650 | 2 | 4 |
_aDerechos humanos _xLegislación _zColombia _910710 |
| 650 | 2 | 4 |
_aDerechos civiles _zColombia _98251 |
| 650 | 2 | 4 |
_aVíctimas de delitos _zColombia _98565 |
| 942 |
_2ddc _cBK |
||
| 999 |
_c6876 _d6876 |
||